000 00518nam a2200169 a 4500
001 000047016
005 20201002053304.0
008 180411s2016 dr a 000 spa d
020 _a9789945599480
040 _aDO-SdBNP
_bspa
_cBNPHU
082 _axxx
_bV135t
100 _aValle Rojas, Miguel del
_974436
245 0 _aTucusito /
_cMiguel del Valle Rojas, Juan Francisco Jáspez.
260 _aSanto Domingo :
_bActualidad Escolar,
_c2016.
300 _a160 p. :
_bil ;
_c30. 5 cm.
590 _aInventariado, 2018 / DG
999 _c46504
_d46504